Statistics for Top Ten Vodka Brands

Click here to take the quiz!

General Stats

  • This quiz has been taken 38 times
  • The average score is 4 of 10

Answer Stats

HintAnswer% Correct
SwedenAbsolut
75%
FranceGrey Goose
75%
USASmirnoff
69%
PolandBelvedere
44%
RussiaStoli
41%
FranceCiroc
28%
SwedenSvedka
28%
NetherlandsKetel One
22%
USASkyy
22%
FrancePinnacle
9%

Score Distribution

Percentile by Number Answered

Percent of People with Each Score

Your Score History

You have not taken this quiz